Leading Test Cricket Run scorers - Statistics

General Stats
  • This quiz has been taken 1,091 times
    155 since last reset
  • The average score is 8 of 12
Answer Stats
Country Answer Runs % Correct
India SR Tendulkar 15921
97%
England JE Root 12972
92%
West Indies BC Lara 11953
88%
South Africa JH Kallis 13289
88%
Australia RT Ponting 13378
88%
New Zealand KS Williamson 9276
82%
Sri Lanka KC Sangakkara 12400
79%
Pakistan Younis Khan 10099
63%
Zimbabwe A Flower 4794
55%
Bangladesh Mushfiqur Rahim 6007
41%
Afghanistan Rahmat Shah 970
27%
Ireland LJ Tucker 571
12%
No matching quizzes found
Score Distribution
Percent of People with Each Score
Percentile by Number Answered
Your Score History
You have not taken this quiz since the last reset